000 00958nam a2200277 i 4500
003 DO-SdBNP
005 20241021100507.0
007 ta
008 241021s1957 cu 000 0 spa d
040 _aDO-SdBNP
_bspa
_cBNPHU
_erda
082 _a972.91
_bS237
_222
100 _4aut.
_aSantovenia, Emeterio S
_94532
_eautor
245 1 0 _aEmeterio S. Santovenia :
_bsu labor académica : homenaje al cumplir cincuenta años de trabajar en las letras cubanas 1907-1957 /
264 1 _aLa Habana :
_bAcademia de la Historia de Cuba,
_bImprenta El Siglo XX,
_c1957.
300 _a546 páginas,
_c28 cm.
336 _atexto
_btxt
_2rdacontent
337 _asin mediación
_bn
_2rdamedia
338 _avolumen
_bnc
_2rdacarrier
590 _aInventariado, 2024/ YL
650 4 _aMantua
_986733
650 4 _aPinar del Rio
_986734
650 4 _aIndependencia de Cuba
_986735
650 4 _aHistoria local de Cuba
_986736
910 _aYLockward
942 _2ddc
_cLBS1
999 _c57921
_d57921